Poslanie interného auditu v manažmente finančného rizika

Riziko a jeho vnímanie manažérom. Kauzálnosť vzťahov a manažment rizika. Interný audit a manažment rizika.

Na minha lista:
Detalhes bibliográficos
Autor principal: Markovič, Peter, 1974-
Formato: Capítulo de Livro
Idioma:eslovaco
Assuntos:
Tags: Adicionar Tag
Sem tags, seja o primeiro a adicionar uma tag!

MARC

LEADER 00000nla$a2200000$$$4500
001 0144577
005 20240502083334.4
041 0 |a slo 
044 |a CZ 
245 1 0 |a Poslanie interného auditu v manažmente finančného rizika  |c Peter Markovič 
520 |a Riziko a jeho vnímanie manažérom. Kauzálnosť vzťahov a manažment rizika. Interný audit a manažment rizika. 
610 2 0 |a riadenie rizík 
610 2 0 |a manažment finančný 
610 2 0 |a audit interný 
610 2 0 |a hospodárenie podnikové 
610 2 0 |a hospodárenie finančné 
100 1 |a Markovič, Peter, 1974-